00250nam a2200097 a 450000500170000000800410001705000240005824500340008226000250011665000110014120140414093843.0090205s19uu xx uuu eng d aCD 792.42bMAR 1992 aMary Black :bthe collection. bThe Grapevine Label. aSongs.